| 000 | 01507cam a2200385 a 4500 | ||
|---|---|---|---|
| 001 | 3000 | ||
| 003 | FISKH | ||
| 005 | 20240130113639.0 | ||
| 008 | 080507s2008 nyua c 000 1 eng | ||
| 010 | _a 2008013860 | ||
| 020 | _a9780060530921 (trade bdg.) | ||
| 020 | _a0060530928 (trade bdg.) | ||
| 020 | _a9780060530938 (lib bdg.) | ||
| 020 | _a9780747594802 | ||
| 020 | _a0060530936 (lib bdg.) | ||
| 035 | _a(OCoLC)179806700 | ||
| 035 | _a(OCoLC)ocn179806700 | ||
| 040 |
_aDLC _cDLC _dIG# _dBTCTA _dBAKER _dYDXCP _dABG _dDLC _beng |
||
| 042 | _alcac | ||
| 050 | 0 | 0 |
_aPZ7.G1273 _bGr 2008 |
| 082 | 0 | 0 |
_a[Fic] _222 |
| 100 | 1 | _aGaiman, Neil. | |
| 245 | 1 | 4 |
_aThe graveyard book / _cNeil Gaiman ; illustrations by Chris Riddell |
| 250 | _aThis paperback edition first published in 2009 | ||
| 260 |
_aNew York : _bHarperCollins, _c2008 |
||
| 300 |
_a289 pages : _billustrations ; _c20 cm |
||
| 520 | _aBod is an unusual boy who inhabits an unusual place--he's the only living resident of a graveyard. Raised from infancy by the ghosts, werewolves, and other cemetery denizens, Bod has learned the antiquated customs of his guardians' time as well as their ghostly teachings--such as the ability to Fade so mere mortals cannot see him. | ||
| 650 | 1 |
_aDead _vFiction. |
|
| 650 | 1 |
_aSupernatural _vFiction |
|
| 650 | 1 |
_aCemeteries _vFiction. |
|
| 650 | 1 |
_aOrphans _vFiction. |
|
| 700 | 1 |
_aRiddell, Chris _eillustrator |
|
| 906 |
_a7 _bcbc _corignew _d1 _eecip _f20 _gy-gencatlg |
||
| 942 |
_2ddc _cBK _n0 |
||
| 999 |
_c3000 _d3000 |
||